000 00802nam a22002297a 4500
005 20081020143751.0
008 081020t xxu||||| |||| 00| 0 eng d
010 _aENG-84337
020 _a8178792427
020 _c750.00 (hb)
035 _aEN-67870
082 _a796.07 / FIT
245 _aFitness and health education /
_cedited by Sharad Chand; compiled by Rachna Jain and Ekta Gothi
260 _aNew Delhi
_bSports Publication
260 _c2005
300 _a424p
_c22cm
700 _aGothi, Ekta
_ccomp
700 _aJain, Rachna
_ccomp
700 _aSharad Chand
_ced
942 _2ddc
_cEN
_h796.07
_m FIT
999 _c17675
_d17675